<?xml version="1.0" encoding="UTF-8"?>
<record
    xmlns:xsi="http://www.w3.org/2001/XMLSchema-instance"
    xsi:schemaLocation="http://www.loc.gov/MARC21/slim http://www.loc.gov/standards/marcxml/schema/MARC21slim.xsd"
    xmlns="http://www.loc.gov/MARC21/slim">

  <leader>01475    a2200253   4500</leader>
  <controlfield tag="001">45039</controlfield>
  <controlfield tag="005">20260407155725.0</controlfield>
  <controlfield tag="008">260407a2006    arg                 spa d</controlfield>
  <controlfield tag="003">AR-UNSa-BCEJYS</controlfield>
  <datafield tag="040" ind1=" " ind2=" ">
    <subfield code="a">AR-UNSa-BCEJYS</subfield>
    <subfield code="b">spa</subfield>
    <subfield code="c">AR-UNSa-BCEJYS</subfield>
  </datafield>
  <datafield tag="080" ind1=" " ind2=" ">
    <subfield code="a">331.2</subfield>
    <subfield code="x">Salarios. Sueldos. Remuneraciones</subfield>
  </datafield>
  <datafield tag="245" ind1="1" ind2="0">
    <subfield code="a">&#xBF;Para qu&#xE9; sirve el salario m&#xED;nimo?</subfield>
    <subfield code="p">elementos para su determinaci&#xF3;n en los pa&#xED;ses del Cono Sur</subfield>
  </datafield>
  <datafield tag="020" ind1=" " ind2=" ">
    <subfield code="a">978-92-2-318635-7</subfield>
  </datafield>
  <datafield tag="250" ind1=" " ind2=" ">
    <subfield code="a">2a. ed.</subfield>
  </datafield>
  <datafield tag="264" ind1=" " ind2="1">
    <subfield code="a">Santiago :</subfield>
    <subfield code="b">OIT</subfield>
    <subfield code="c">2006</subfield>
  </datafield>
  <datafield tag="300" ind1=" " ind2=" ">
    <subfield code="a">309 p.</subfield>
    <subfield code="c">23 cm.</subfield>
  </datafield>
  <datafield tag="505" ind1=" " ind2=" ">
    <subfield code="a">1. Desempolvando el salario m&#xED;nimo : Reflexiones a partir de la experiencia en el Cono Sur / Andr&#xE9;s Marinakis &#x2013; 2. Argentina : La recuperaci&#xF3;n del salario m&#xED;nimo como herramienta de pol&#xED;tica de ingresos / Daniel Kostzer &#x2013; 3. Brasil : La institucionalidad del salario m&#xED;nimo / Marcelo Neri y Rodrigo Maura &#x2013; 4. Chile : Las lecciones de la aplicaci&#xF3;n reciente del salario m&#xED;nimo / Andr&#xE9;s Marinakis y Juan Jacobo Velasco &#x2013; 5. Paraguay : Evoluci&#xF3;n reciente y propuestas para una modernizaci&#xF3;n del salario m&#xED;nimo / Andr&#xE9;s Marinakis y Juan Jacobo Velasco &#x2013; 6. Uruguay : Impuesto social y econom&#xED;a del salario m&#xED;nimo / Magdalena Furtado. </subfield>
  </datafield>
  <datafield tag="041" ind1=" " ind2=" ">
    <subfield code="a">spa</subfield>
  </datafield>
  <datafield tag="942" ind1=" " ind2=" ">
    <subfield code="c">BK</subfield>
  </datafield>
  <datafield tag="590" ind1=" " ind2=" ">
    <subfield code="a">niveau_biblio:m niveau_hierar:0</subfield>
  </datafield>
  <datafield tag="100" ind1="1" ind2=" ">
    <subfield code="a">Velasco, Juan Jacobo</subfield>
  </datafield>
  <datafield tag="700" ind1="1" ind2=" ">
    <subfield code="a">Marinakis, Andr&#xE9;s</subfield>
  </datafield>
  <datafield tag="856" ind1="4" ind2="1">
    <subfield code="u">https://www.biblioeco.unsa.edu.ar/pmb/images/libros/L127063.jpg</subfield>
    <subfield code="y">Imagen de portada</subfield>
    <subfield code="q">image/jpeg</subfield>
  </datafield>
  <datafield tag="999" ind1=" " ind2=" ">
    <subfield code="c">3890</subfield>
    <subfield code="d">3890</subfield>
  </datafield>
  <datafield tag="952" ind1=" " ind2=" ">
    <subfield code="0">0</subfield>
    <subfield code="1">0</subfield>
    <subfield code="4">0</subfield>
    <subfield code="7">0</subfield>
    <subfield code="a">BCEJYS</subfield>
    <subfield code="b">BCEJYS</subfield>
    <subfield code="c">16</subfield>
    <subfield code="d">2026-04-07</subfield>
    <subfield code="l">0</subfield>
    <subfield code="o">331.2 M337</subfield>
    <subfield code="p">L127063</subfield>
    <subfield code="r">2026-04-07 15:57:25</subfield>
    <subfield code="w">2026-04-07</subfield>
    <subfield code="y">L</subfield>
  </datafield>
</record>
